Statistiche per Stati dell'Asia da Nord a Sud

Clicka qui per fare il quiz!

Statistiche generali

  • Questo quiz è stato fatto 19 volte
  • Il punteggio medio è 28 su 48

Statistiche sulle risposte

Latitudine punto nazionale più a NordStato% Corretto
55°43′NKazakistan
100%
81°51′NRussia
100%
55°43′NCina
93%
52°09′NMongolia
93%
45°31′NGiappone
87%
45°36′NUzbekistan
80%
41°17′NArmenia
67%
43°00′NCorea del Nord
67%
38°22′NAfghanistan
60%
41°53′NAzerbaigian
60%
28°20′NBhutan
60%
38°36′NCorea del Sud
60%
43°35′NGeorgia
60%
35°40′NIndia
60%
06°04′NIndonesia
60%
39°47′NIran
60%
37°23′NIraq
60%
43°16′NKirghizistan
60%
30°06′NKuwait
60%
37°08′NPakistan
60%
41°02′NTagikistan
60%
42°06′NTurchia
60%
42°50′NTurkmenistan
60%
32°14′NArabia Saudita
53%
28°32′NBirmania
53%
05°04′NBrunei
53%
35°42′NCipro
53%
33°22′NGiordania
53%
33°17′NIsraele
53%
34°43′NLibano
53%
07°15′NMalaysia
53%
07°07′NMaldive
53%
30°26′NNepal
53%
01°28′NSingapore
53%
37°19′NSiria
53%
09°30′NSri Lanka
53%
08°19′STimor Est
53%
26°38′NBangladesh
47%
26°05′NEmirati Arabi Uniti
47%
22°29′NLaos
47%
26°30′NOman
47%
26°09′NQatar
47%
14°30′NCambogia
40%
21°07′NFilippine
40%
20°27′NThailandia
40%
23°27′NVietnam
40%
18°59′NYemen
40%
26°17′NBahrein
33%

Distribuzione punteggi

Percentile per numero di risposta

Percentuale di utenti per punteggio

I tuoi punteggi nel tempo

Non hai fatto questo quiz